000 00543nam a22001697a 4500
005 20241115114433.0
008 241115b |||||||| |||| 00| 0 eng d
020 _a9780138503062
050 _aQA152.2 MAR
100 _aMartin-Gay, K. Elayn
245 _aStudent Solutions Manual/
_bintermediate algebra; a graphing approach
_cK. Elayn Martin-Gay & Margaret Greene
260 _aUpper Saddle River, New Jersey
_bPrentice Hall
_c1997
300 _a366pages
_bill.
_c25cm
650 _2Algebra
700 _aGreene, Margaret
942 _2lcc
_cBK
_n0
999 _c1243
_d1243